El peso cotidiano de la transgresión /
সংরক্ষণ করুন:
| প্রধান লেখক: | |
|---|---|
| অন্যান্য লেখক: | |
| বিন্যাস: | পাঠ্য |
| প্রকাশিত: |
San José, Costa Rica:
Editorial de la Universidad de Costa Rica
|
| বিষয়গুলি: | |
| ট্যাগগুলো: |
ট্যাগ যুক্ত করুন
কোনো ট্যাগ নেই, প্রথমজন হিসাবে ট্যাগ করুন!
|
MARC
| LEADER | 00000 a a2200000 04500 | ||
|---|---|---|---|
| 001 | 45874 | ||
| 003 | |||
| 040 | |||
| 020 | |a 9977-67-678-X | ||
| 090 | |a 02.04.02 |b G643e | ||
| 100 | |a González Ortega, Alfonso | ||
| 245 | |a El peso cotidiano de la transgresión / |c Alfonso González Ortega ; Manuel Solís Avendaño | ||
| 260 | |a San José, Costa Rica: |b Editorial de la Universidad de Costa Rica | ||
| 650 | |a CORRUPCION | ||
| 650 | |a ASPECTOS SOCIALES | ||
| 650 | |a NOTICIAS DE PRENSA | ||
| 650 | |a ESTADO | ||
| 650 | |a SECTOR PRIVADO | ||
| 650 | |a SECTOR PUBLICO | ||
| 700 | |a Solís Aveñdaño, Manuel | ||
| 773 | |g páginas 35-81 | ||
| 999 | |c 35716 |d 35716 | ||



